Dictámenes médico-hijiénicos [sic] de la Comisión Facultativa Inspectora del Hospital General de Santa Cruz de Barcelona nombrada en 12 de diciembre de 1847 por el señor alcalde corregidor de esta ciudad. (Record no. 153477)
[ view plain ]
| 000 -LEADER | |
|---|---|
| campo de control de longitud fija | 00843nam a22001695i 4500 |
| 001 - NÚMERO DE CONTROL | |
| campo de control | 153477 |
| 003 - IDENTIFICADOR DE NÚMERO DE CONTROL | |
| campo de control | ES-MaACL |
| 005 - FECHA Y HORA DE LA ÚLTIMA TRANSACCIÓN | |
| campo de control | 20230906205236.0 |
| 008 - DATOS DE LONGITUD FIJA--INFORMACIÓN GENERAL | |
| campo de control de longitud fija | 021127s1848 sp |||| | spa d |
| 040 ## - FUENTE DE CATALOGACIÓN | |
| Centro catalogador/agencia de origen | CCPB | B |
| Lengua de catalogación | spa |
| Centro/agencia transcriptor | CCPB | B |
| 245 00 - MENCIÓN DEL TÍTULO | |
| Título | Dictámenes médico-hijiénicos [sic] de la Comisión Facultativa Inspectora del Hospital General de Santa Cruz de Barcelona nombrada en 12 de diciembre de 1847 por el señor alcalde corregidor de esta ciudad. |
| 260 ## - PUBLICACIÓN, DISTRIBUCIÓN, ETC. | |
| Lugar de publicación, distribución, etc. | Barcelona : |
| Nombre del editor, distribuidor, etc. | [s.n.], |
| Fecha de publicación, distribución, etc. | 1848 ( |
| Fabricante | Imprenta de Antonio Brusi) |
| 300 ## - DESCRIPCIÓN FÍSICA | |
| Extensión | 107 p. ; |
| Dimensiones | 21 cm. |
| 650 #4 - PUNTO DE ACCESO ADICIONAL DE MATERIA--TÉRMINO DE MATERIA | |
| Término de materia o nombre geográfico como elemento de entrada | Higiene hospitalaria. |
| 9 (RLIN) | 148879 |
| 710 2# - ENTRADA AGREGADA--NOMBRE DE ENTIDAD CORPORATIVA | |
| Nombre de entidad corporativa o nombre de jurisdicción como elemento de entrada | Hospital de la Santa Cruz y San Pablo (Barcelona) |
| 9 (RLIN) | 134438 |
| 852 ## - LOCALIZACIÓN | |
| Ubicación | ES-MaACL |
| Número de control de estantería | R-1366(8) |
| Nota libre | -- Enc. hol. |
| -- | -- Enc. en un vol. facticio, formando parte de la col. "Colección de memorias médicas" |
| -- | .- Donat. Mateo Seoane |
| Estatus retirado | Estado de pérdida | Estado de daño | No para préstamo | Colección | Biblioteca de origen | Biblioteca actual | Ubicación en estantería | Fecha de adquisición | Total de préstamos | Signatura topográfica completa | Código de barras | Visto por última vez | Precio de reemplazo | Tipo de ítem Koha |
|---|---|---|---|---|---|---|---|---|---|---|---|---|---|---|
| Libros del s. XIX | Biblioteca del Ateneo de Madrid | Biblioteca del Ateneo de Madrid | Depósito | 17/01/2008 | R-1366(8) | 1160404 | 23/02/2023 | 23/02/2023 | Libro impreso antiguo |
